MARC
| LEADER | 00000cam a2200000 7i4500 | ||
|---|---|---|---|
| 001 | 0000017491 | ||
| 005 | 20061129.0 | ||
| 040 | |a INS | ||
| 090 | 0 | 0 | |a BP 175 2002 |
| 245 | 0 | 0 | |a Ceramah kekeluargaan sempena Mesyuarat Agung Puspanita [ |h video recording] : |b Di sampaikan oleh Dr. Naimah md Amin |
| 260 | |a Bangi : |b Inspen , |c 2002 | ||
| 300 | |a 1 Video cassette (VHS) (1:0) : |b sd., col. ; |c 1/2 in. | ||
| 650 | 0 | 0 | |a Islam |x Unity |
| 999 | |a VHS924 |b VIDEO |c Media Collection |e Default branch | ||